000
00289nam a22001337a 4500
008
170227b xxu||||| |||| 00| 0 eng d
020
_a
0721619606
041
_a
eng
080
_2
2ND
_a
617
100
_a
5
101
_a
SHK
245
_a
SURGICAL TECHNOLOGY
_c
FULLER, J.R
942
_2
udc
_c
BK
999
_c
6274
_d
6274